Kita'b I Muqaddas ya'ni' Pura'na' aur Naya 'Ahdna'ma (The Holy Bible In Urdu) (Record no. 6936)

MARC details
000 -LEADER
fixed length control field 00636cam a2200193 a 4500
001 - CONTROL NUMBER
control field 13383211
003 - CONTROL NUMBER IDENTIFIER
control field GBCCL
005 - DATE AND TIME OF LATEST TRANSACTION
control field 20251201140830.0
008 - FIXED-LENGTH DATA ELEMENTS--GENERAL INFORMATION
fixed length control field 031024m18391840ii 000 0 urd
040 ## - CATALOGING SOURCE
Original cataloging agency DLC
Transcribing agency DLC
Modifying agency DLC
082 ## - DEWEY DECIMAL CLASSIFICATION NUMBER
Classification number 220.591439
Item number URD 1
245 ## - TITLE STATEMENT
Title Kita'b I Muqaddas ya'ni' Pura'na' aur Naya 'Ahdna'ma (The Holy Bible In Urdu)
260 ## - PUBLICATION, DISTRIBUTION, ETC.
Place of publication, distribution, etc. London:
Name of publisher, distributor, etc. British and Foreign Bible Society,
Date of publication, distribution, etc. 1957
300 ## - PHYSICAL DESCRIPTION
Extent iii,882, iii,266 p.;
Dimensions 20 cm.
500 ## - GENERAL NOTE
General note "Translated from the Greek by the Calcutta Baptist Missionaries."
650 ## - SUBJECT ADDED ENTRY--TOPICAL TERM
Topical term or geographic name entry element Bible
General subdivision Urdu
9 (RLIN) 12355
710 2# - ADDED ENTRY--CORPORATE NAME
Corporate name or jurisdiction name as entry element Baptist Missionary Society.
9 (RLIN) 12356
942 ## - ADDED ENTRY ELEMENTS (KOHA)
Source of classification or shelving scheme Dewey Decimal Classification
Koha item type Language
Holdings
Withdrawn status Lost status Source of classification or shelving scheme Damaged status Not for loan Home library Current Library Shelving location Date acquired Total checkouts Full call number Barcode Date last seen Copy number Price effective from Koha item type
    Dewey Decimal Classification     GRACE BIBLE COLLEGE GRACE BIBLE COLLEGE Bible 2018-07-04   220.591439 URD 001504 2025-05-01 c.1 2018-07-04 Reference Books
© Grace Bible College Library 2025